00413nam a22001337a 450000500170000000800410001704100120005808200130007010000130008324500400009626000860013630000310022265000260025320240524084801.0240524b |||||||| |||| 00| 0 eng d aEnglish a349 LAW  lEnglish  aThe Law Reports: Chancery Division  aLondon: bThe Incorporated Council of Law Reporting for England and Wales, c1893 bxxiv, 780 pages; c25 cm.  aLegal practice bLaw